| 000 | 00442nam a22001697a 4500 | ||
|---|---|---|---|
| 003 | OSt | ||
| 005 | 20231219041952.0 | ||
| 008 | 230714b |||||||| |||| 00| 0 eng d | ||
| 020 | _a9789387363502 | ||
| 022 | _29789387363502 | ||
| 040 | _csero soft | ||
| 100 | _aKholhar,Dr Sanay kumar | ||
| 245 | _aInformation and communication tech, in physical education | ||
| 260 |
_aNew delhi _bSports publication |
||
| 300 | _a323 | ||
| 942 |
_2ddc _c01 |
||
| 999 |
_c56905 _d56905 |
||